The international engraver's line : (Record no. 2136)

000 -LEADER
fixed length control field 00664nam a22000977a 4500
008 - FIXED-LENGTH DATA ELEMENTS--GENERAL INFORMATION
fixed length control field 161128b xxu||||| |||| 00| 0 eng d
100 ## - MAIN ENTRY--AUTHOR'S NAME
Author's Name Hessler, Gene
245 ## - TITLE STATEMENT
Title The international engraver's line :
Remainder of title paper money and postage stamp engravers and their work from the 1700s to the Euro
260 ## - PUBLICATION, DISTRIBUTION, ETC. (IMPRINT)
Place of publication, distribution, etc. Cincinnati
Name of publisher, distributor, etc. G. Hessler
Date of publication, distribution, etc. 2005
650 ## - TOPICAL TERM (Tag)
Topical term or geographic name Engravers | Artists and Designers | Production -- Engraving | Designs | Essays and Proofs | Biographies | Numismatics | Bank Notes | Paper Money | Postal Issues | Postage Stamps | Dictionaries and Encyclopedias | History | Bibliographies | World | 18th Century | 19th Century | 20th Century | 21st Century | Collectors | Collecting
Holdings
Withdrawn status Lost status Source of classification or shelving scheme Damaged status Koha normalized classification for sorting Not for loan Collection code Permanent Location Current Location Date acquired Total Checkouts Full call number Barcode Date last seen Copy number Price effective from Koha item type
        G3201 E58 H5879     Northern Philatelic Library Northern Philatelic Library 11/28/2016   G3201 E58 H5879 1002478 04/15/2017 1 11/28/2016 Books

Powered by Koha